Representación y manifiesto que algunos diputados a las cortes ordinarias firmaron en los mayores apuros de su opresión en Madrid, para que la magestad del señor D. Fernando el VII a la entrada en España de vuelta de su cautividad, se penetrase del estado de la nación... (Record no. 163331)

MARC details
000 -LEADER
campo de control de longitud fija 00857nam a2200193 i 4500
001 - NÚMERO DE CONTROL
campo de control 163331
003 - IDENTIFICADOR DE NÚMERO DE CONTROL
campo de control ES-MaACL
005 - FECHA Y HORA DE LA ÚLTIMA TRANSACCIÓN
campo de control 20240228151651.0
008 - DATOS DE LONGITUD FIJA--INFORMACIÓN GENERAL
campo de control de longitud fija 940301s1820 sp |||| | spa d
040 ## - FUENTE DE CATALOGACIÓN
Centro catalogador/agencia de origen AS
Lengua de catalogación spa
245 00 - MENCIÓN DEL TÍTULO
Título Representación y manifiesto que algunos diputados a las cortes ordinarias firmaron en los mayores apuros de su opresión en Madrid, para que la magestad del señor D. Fernando el VII a la entrada en España de vuelta de su cautividad, se penetrase del estado de la nación...
250 ## - MENCION DE EDICION
Mención de edición Imp. en el año de 1814, y reimp. con notas criticas en el presente.
260 ## - PUBLICACIÓN, DISTRIBUCIÓN, ETC.
Lugar de publicación, distribución, etc. Madrid :
Nombre del editor, distribuidor, etc. [s.n.],
Fecha de publicación, distribución, etc. 1820 (
Fabricante Ibarra)
300 ## - DESCRIPCIÓN FÍSICA
Extensión 307 p. ;
Dimensiones 22 cm.
594 ## - Nota al título y mención de responsabilidad
Nota al título y mención de responsabilidad Precede al tít.: "J.M.J."
651 #4 - PUNTO DE ACCESO ADICIONAL DE MATERIA--NOMBRE GEOGRÁFICO
Nombre geográfico España-
Subdivisión general Historia-
Subdivisión cronológica 1814-1833, Fernando VII
9 (RLIN) 8248
852 ## - LOCALIZACIÓN
Ubicación ES-MaACL
Número de control de estantería B-335
Nota libre -- Enc. hol.
Holdings
Estatus retirado Estado de pérdida Estado de daño No para préstamo Colección Biblioteca de origen Biblioteca actual Ubicación en estantería Fecha de adquisición Fuente de adquisición Total de préstamos Signatura topográfica completa Código de barras Visto por última vez Precio de reemplazo Tipo de ítem Koha
        Libros del s. XIX Biblioteca del Ateneo de Madrid Biblioteca del Ateneo de Madrid Sala Pardo Bazán 17/01/2008     B-335 1171156 23/02/2023 23/02/2023 Libro impreso antiguo